Hospodárska kríza, jej vpylv na eurozónu a udržateľnosť sociálneho systému
Hospodárska kríza a reakcia európskych ekonomík. Vývoj úrokových sadzieb ECB a inflácie v období 1999 - 2009. Fiškálne stimuly na boj proti kríze vo vybraných krajinách. Situácia na trhu práce v krajinách V4. Verejný dlh krajín eurozóny ako potenciálne riziko udržateľnosti európskeho sociálneho syst...
Gespeichert in:
| 1. Verfasser: | |
|---|---|
| Format: | Buchkapitel |
| Sprache: | Slowakisch |
| Schlagworte: | |
| Tags: |
Keine Tags, Fügen Sie das erste Tag hinzu!
|
MARC
| LEADER | 00000nla$a2200000$$$4500 | ||
|---|---|---|---|
| 001 | 0122794 | ||
| 005 | 20240702112214.1 | ||
| 041 | 0 | |a slo | |
| 044 | |a CZ | ||
| 245 | 1 | 0 | |a Hospodárska kríza, jej vpylv na eurozónu a udržateľnosť sociálneho systému |c Marek Kálovec |
| 520 | |a Hospodárska kríza a reakcia európskych ekonomík. Vývoj úrokových sadzieb ECB a inflácie v období 1999 - 2009. Fiškálne stimuly na boj proti kríze vo vybraných krajinách. Situácia na trhu práce v krajinách V4. Verejný dlh krajín eurozóny ako potenciálne riziko udržateľnosti európskeho sociálneho systému. | ||
| 610 | 2 | 0 | |a kríza hospodárska |
| 610 | 2 | 0 | |a kríza finančná |
| 610 | 2 | 0 | |a eurozóna |
| 610 | 2 | 0 | |a Vyšehradská štvorka |
| 610 | 2 | 0 | |a dlhy |
| 610 | 2 | 0 | |a nezamestnanosť |
| 610 | 2 | 0 | |a systémy sociálne |
| 610 | 2 | 0 | |a politika fiškálna |
| 100 | 1 | |a Kálovec, Marek | |